00498nam a22001097a 4500040000800000082002600008100004600034245023800080260002600318300002700344856001700371 cRUA aAGE UON 2015 B515 Or. aUONH SARATH; អ៊ួញ សារត័ aStudy on process of amru rice processing factory; សិក្សាពីខ្សែចង្វាក់ផលិតកម្ម ក្នុងរោងចក្រកែច្នៃអង្ករ អេមរុ រាយស៍ aRUAbPhnom Penhc2015 axiv; 61p.bill.c29cm. u UONH SARATH